Culture Générale - Série 192 - Statistiques

Statistiques générales
  • Ce quiz a été pris 273 fois
  • Le résultat moyen est 6 sur 10
Statistiques - réponses
Question Réponse % Correct
Sur un téléphone mobile, quel chiffre est associé aux lettres PQRS ? 7
91%
Que va-t-on faire "sur une étoile ou sur un oreiller", selon Gilbert Montagné ? On va s'aimer
87%
D'après un film avec Bruce Willis, combien de singes compte l'armée ? 12
78%
En 2002, quelle jeune chanteuse nous invite à nous exposer "au soleil" ? Jenifer
74%
De quel fruit la montmorency est-elle une variété ? La cerise
70%
En 1972, quel chanteur immortalise le tube "Qui saura" ? Mike Brant
61%
Quel James Bond a joué Remington Steele à la télévision ? Pierce Brosnan
39%
A quel groupe doit-on le tube "How Deep is Your Love" en 1977 ? Bee Gees
37%
Qui a réalisé "Le docteur Jivago" en 1966 ? David Lean
13%
Comment se prénomme la fille aînée de Daniel Auteuil, également comédienne ? Aurore
8%
Aucun quiz correspondant
Distribution des résultats
% des personnes avec chaque résultat
Percentile par nombre de réponses
Votre historique - résultats
Vous n’avez pas pris ce quiz